000 01177nam a2200265 a 4500
003 OSt
005 20230531135411.0
007 cr ||||||a|c|a
008 230529s2022 mx ad||fom||| 001 0 spa d
040 _erda
100 1 _9187180
_aMartínez Martínez, Julián
245 1 0 _aCadmio en el crecimiento y concentración nutrimental de hojas y raíz de fresa (Fragaria x ananassa Duch.) /
_cpor Julián Martínez Martínez; director de tesis Disraeli Erón Moreno Guerrero
264 _aChapingo, México :
_bEl autor,
_c2022.
300 _a1 recurso en línea (31 páginas):
_bIlustraciones, gráficas
336 _2rdacontent
_atexto
_btxt
337 _2rdamedia
_acomputadora
_bc
338 _2rdacarrier
_arecurso en línea
_bcr
502 _bLAHP
_cFitotecnia
_d2022
_gLIC
504 _aIncluye referencias bibliográficas: páginas 28-31
650 4 _940510
_aFertilizantes
_xEfecto en fresa
650 4 _975166
_aMetales
_xEfecto en plantas
700 1 _978626
_aMoreno Guerrero, Disraeli Eron
_eDirector de tesis
856 _uhttp://10.13.5.2/tesis/tl/1311576-6_Martinez_Martinez_Julian.pdf
_zDESCARGAR PDF
942 _2Clasificación Universidad Autónoma Chapingo
_cTD
999 _c218853
_d218853